La isla de San Balandrán (Record no. 162078)

MARC details
000 -LEADER
campo de control de longitud fija 00908nam a22002055i 4500
001 - NÚMERO DE CONTROL
campo de control 162078
003 - IDENTIFICADOR DE NÚMERO DE CONTROL
campo de control ES-MaACL
005 - FECHA Y HORA DE LA ÚLTIMA TRANSACCIÓN
campo de control 20230906212425.0
008 - DATOS DE LONGITUD FIJA--INFORMACIÓN GENERAL
campo de control de longitud fija 000119s1889 sp |||| | spa d
040 ## - FUENTE DE CATALOGACIÓN
Centro catalogador/agencia de origen CAM
Lengua de catalogación spa
Centro/agencia transcriptor CAM
100 1# - ENTRADA PRINCIPAL--NOMBRE DE PERSONA
Nombre de persona Picón, José.
9 (RLIN) 91876
245 13 - MENCIÓN DEL TÍTULO
Título La isla de San Balandrán
Resto del título : zarzuela ilusoria en un acto y en verso /
Mención de responsabilidad, etc. letra de José Picón ; música de Cristobal Oudrid.
250 ## - MENCION DE EDICION
Mención de edición 4ª ed.
260 ## - PUBLICACIÓN, DISTRIBUCIÓN, ETC.
Lugar de publicación, distribución, etc. Madrid :
Nombre del editor, distribuidor, etc. [s.n.],
Fecha de publicación, distribución, etc. 1889 (
Fabricante Imprenta de José Rodriguez)
300 ## - DESCRIPCIÓN FÍSICA
Extensión 32 p. ;
Dimensiones 20 cm.
500 ## - NOTA GENERAL
Nota general En port.: Estrenado en el teatro de la Zarzuela a beneficio del Cuerpo de Coros el 12 de junio de 1862.
500 ## - NOTA GENERAL
Nota general Solo la letra.
700 0# - ENTRADA AGREGADA--NOMBRE PERSONAL
Nombre de persona Oudrid, Cristóbal.
9 (RLIN) 87969
852 ## - LOCALIZACIÓN
Ubicación ES-MaACL
Número de control de estantería F-8632(6)
Nota libre -- Enc. pasta española
condición física -- Falto de la cub. original
Nota libre --Enc. en un vol. facticio formando parte de la col. facticia "Teatro español moderno", vol. 87
Holdings
Estatus retirado Estado de pérdida Estado de daño No para préstamo Colección Biblioteca de origen Biblioteca actual Ubicación en estantería Fecha de adquisición Total de préstamos Signatura topográfica completa Código de barras Visto por última vez Precio de reemplazo Tipo de ítem Koha
        Libros del s. XIX Biblioteca del Ateneo de Madrid Biblioteca del Ateneo de Madrid Sala Pecera Planta 2 17/01/2008   F-8632(6) 1169787 23/02/2023 23/02/2023 Libro impreso antiguo